[Event "VIII Floripa Open 2022"]
[Site "Florianopolis"]
[Date "2022.01.26"]
[Round "3.5"]
[White "Damous, Felipe Soares"]
[Black "Fier, Alexandr"]
[Result "0-1"]
[WhiteElo "2101"]
[BlackElo "2572"]
[Annotator "TA"]
[PlyCount "72"]
[EventDate "2022.01.24"]
[EventType "swiss"]
[EventCountry "BRA"]
[SourceTitle "playchess.com"]
[Source "ChessBase"]
[SourceQuality "1"]

{[%evp 16,72,18,20,11,12,27,10,43,12,14,2,30,0,0,0,11,0,-3,-23,0,0,0,0,0,0,0,0,0,0,0,0,0,0,49,0,31,22,44,27,132,113,255,241,244,0,0,0,0,-470,-466,-437,-443,-29984,-29985,-29992,-29993,-29993,-29994]} 1. Nf3 Nf6 2. g3 g6 3. Bg2 Bg7 4. O-O O-O 5. c4 d6 6. Nc3 Nc6 7. Rb1 e5 8. d3 Re8 9. b4 {[%cal Bb2b4,Bb4b5][%mdl 32]} Nd4 {A26: English Opening vs King's Indian with ...Nc6 and d3.} 10. Nxd4 exd4 {[#]} 11. Nd5 $146 ({Predecessor:} 11. Nb5 Nh5 12. e3 dxe3 13. Bxe3 c6 14. Nd4 Bd7 15. Qd2 Qc8 16. Rfe1 Bh3 17. Bh1 {1-0 (62) Erdogdu,M (2411)-Grigoriev,A (2107) Enez 2018}) 11... Nd7 {The position is equal.} 12. b5 {[%cal Oc1g5]} (12. Bg5 $5 Qxg5 13. Nxc7 $11) 12... Nc5 13. Bb2 Bf5 14. a4 a5 15. b6 cxb6 16. Ba3 Ra6 17. Re1 $1 Bd7 18. Bxc5 dxc5 19. Qb3 h5 20. Nxb6 Bc6 21. Nd5 Bh6 22. Rb2 h4 23. Reb1 Kg7 24. Bf3 Qd7 (24... Qd6 $11 {deserves consideration.}) 25. Qa3 (25. gxh4 Qh3 26. Bg2 Qxh4 $17) (25. e4 $1 $14) 25... Qd6 (25... Bxd5 $5 26. cxd5 (26. Bxd5 b6 $14) 26... Qh3 $16) 26. Rxb7 Bxb7 27. Rxb7 {Threatens to win with Nc7.} Rc6 {Inhibits Nc7.} (27... Rh8 $1 $11) 28. Qb3 {[%mdl 1024] White has strong compensation.} (28. gxh4 $6 Qd8 $11) 28... h3 (28... Rcc8 $16 {was called for.}) 29. Qb5 Rcc8 {[%cal Bc6c8,Bc8b8,Bb8b6][%mdl 32] [#]} 30. Rd7 $2 ({Don't play} 30. Qxa5 $6 Rb8 31. Rb5 Red8 $16) (30. Bg4 $1 $18 {[%cal Rg4c8]}) 30... Qe5 $11 {...Rb8 is the strong threat.} 31. Qb7 ({But not} 31. Qxa5 $2 Rb8 32. Qe1 Rb2 $19) 31... Rf8 $40 {[%mdl 128] And now ...Rb8 would win. Black attacks.} 32. Nb6 $2 {[%mdl 8192]} (32. Qb1 $1 $11 {and White stays safe.}) 32... Rb8 $19 33. Qc6 Qg5 {[%cal Rg5c1] Inhibits Bg4.} 34. e3 (34. Bg2 $19 Qc1+ 35. Bf1) 34... dxe3 {Black mates.} 35. fxe3 Qxe3+ 36. Kf1 {[#]} Rxb6 $1 {[%mdl 512] Weighted Error Value: White=0.50/Black=0.17 (very precise)} 0-1

[Event "VIII Floripa Open 2022"]
[Site "Florianopolis"]
[Date "2022.01.26"]
[Round "3.6"]
[White "Mekhitarian, Krikor Sevag"]
[Black "Piccoli, Lucas Fonseca"]
[Result "1-0"]
[WhiteElo "2562"]
[BlackElo "2065"]
[Annotator "TA"]
[PlyCount "71"]
[EventDate "2022.01.24"]
[EventType "swiss"]
[EventCountry "BRA"]
[SourceTitle "playchess.com"]
[Source "ChessBase"]
[SourceQuality "1"]

{[%evp 11,71,23,33,28,38,33,56,60,60,60,58,60,57,60,162,156,177,167,231,223,222,177,204,198,256,282,278,260,260,258,252,239,258,246,370,379,367,372,365,368,360,367,391,389,556,543,652,635,641,626,791,763,720,757,735,546,1903,1937,1788,1729,1337,1285]} 1. e4 c5 2. Nf3 Nc6 3. Bb5 Nf6 4. Nc3 g6 5. e5 Ng4 6. Bxc6 dxc6 7. h3 {B30: Sicilian: 2...Nc6 3 Bb5, lines without ...g6.} Nh6 8. Ne4 {[#]} Bg7 $146 ({Predecessor:} 8... b6 9. O-O Bg7 10. Qe2 O-O 11. a4 Nf5 12. c3 a5 13. d3 Qd7 14. Rd1 Rd8 {½-½ (71) Kribben,M (2652)-Moll,R (2630) ICCF email 2011}) 9. Nxc5 {White is slightly better.} Qd5 10. d4 b6 11. Nd3 {Pair of Knights!} Nf5 12. Nf4 Qa5+ ({Black should try} 12... Qe4+ $1 $14 13. Qe2 Qxe2+ 14. Nxe2 c5) 13. Bd2 $18 Qb5 {[#]} 14. a4 $1 $36 {[%mdl 2048] White is in control.} Qc4 (14... Qxb2 $2 15. Nd3 Qxa1 16. Qxa1 $18) (14... Qa6 $142 15. g4 Nh6) 15. b3 Qa6 16. c4 c5 17. d5 Nd4 (17... O-O $142 18. O-O Qb7) 18. Nxd4 cxd4 19. O-O Bxe5 20. Re1 Bd6 21. Bc1 Qa5 22. Nd3 {[%cal Ob3b4,Bf4d3,Bd3b4,Bb4c6][%mdl 32] b4! is the strong threat.} Bf5 {[#]} (22... O-O $142 23. Bb2 f6 24. Bxd4 Bf5) 23. Bd2 $1 Qa6 24. Bb4 {Black must now prevent Bxd6.} O-O 25. Bxd6 exd6 {[#]} 26. Nb4 {[%csl LRa6,LRd4]} Qa5 27. Nc6 Qc3 (27... Qc5 {keeps fighting.} 28. Ne7+ Kg7 29. Nxf5+ gxf5) 28. Ne7+ {White is clearly winning.} Kh8 29. Nxf5 gxf5 30. Rc1 {[%cal Ba1c1,Bc1e1,Be1e4][%mdl 32]} Qb2 31. Re2 Qa3 32. Qxd4+ f6 33. Rce1 {Threatening mate with Re7.} Qxb3 34. Re7 {White wants to mate with Qh4.} Qc2 35. Qh4 {[%csl Ge7][%cal Rh4h7]} f4 36. R1e4 {White took control after the opening.  Weighted Error Value: White=0.03 (flawless) /Black=0.46} 1-0

[Event "VIII Floripa Open 2022"]
[Site "Florianopolis"]
[Date "2022.01.26"]
[Round "3.7"]
[White "Volkmann, Andre Jordi"]
[Black "Cuenca Jimenez, Jose Fernando"]
[Result "0-1"]
[WhiteElo "2060"]
[BlackElo "2552"]
[Annotator "TA"]
[PlyCount "82"]
[EventDate "2022.01.24"]
[EventType "swiss"]
[EventCountry "BRA"]
[SourceTitle "playchess.com"]
[Source "ChessBase"]
[SourceQuality "1"]

{[%evp 9,82,5,6,4,6,0,0,0,0,-7,-8,-18,8,-14,-31,-13,0,-38,-20,-26,-21,-16,-7,-18,-14,-35,-36,-35,5,-17,-14,-22,0,-9,48,-17,-4,-68,-69,-68,-58,-133,-116,-225,-221,-263,-133,-144,-149,-148,-145,-152,-146,-154,-160,-154,-96,-91,-80,-71,-47,-147,-144,-191,-182,-275,-270,-338,-331,-435,-456,-627,-625,-587,-582]} 1. Nf3 Nf6 2. b3 d5 3. Bb2 Bf5 4. e3 e6 5. c4 h6 6. Nc3 {A06: Réti Opening: 1 Nf3 d5.} c6 7. Be2 Nbd7 8. O-O {The position is equal.} Bd6 9. d4 O-O 10. a3 {[#]} Bh7 $146 ({Predecessor:} 10... a5 11. Bd3 Bxd3 12. Qxd3 Re8 13. e4 dxe4 14. Nxe4 Nxe4 15. Qxe4 Qc7 16. Rfe1 Rad8 {1-0 (28) Nabaty,T (2638)-Rustemov,A (2525) Chess.com INT 2021}) 11. b4 dxc4 12. Bxc4 e5 {[%cal Be6e5,Be5e4][%mdl 32]} 13. Ne2 {[%cal Rd4e5]} e4 14. Ne5 Qc7 {[%cal Rd6e5]} 15. Nxd7 $1 Nxd7 (15... Bxh2+ $2 16. Kh1 Nxd7 17. g3 $18) 16. g3 Nb6 17. Bb3 Rad8 18. Qc2 h5 19. Rac1 {[%cal Od4d5]} Qd7 20. d5 cxd5 21. Rfd1 Qf5 ({Better is} 21... Qg4 $11) 22. Qc3 ({White should play} 22. Bd4 $1 $14) 22... f6 $11 23. Nf4 (23. Qc2 $11) 23... Bxf4 $15 24. exf4 Kh8 {[%cal Oh5h4]} 25. Qd4 (25. Qe1 $15) 25... Qh3 26. Rc7 (26. Re1 $17 {is a better defense.}) 26... Bf5 $19 27. Qc5 Rde8 (27... Rfe8 $19 {aiming for ...Bg4.} 28. Qb5 Bg4) 28. Re1 {[#]} ({Wrong is} 28. Rxb7 $2 Bg4 29. Qb5 (29. Qc7 $2 Rg8 $19) 29... e3 30. fxe3 Rxe3 $19) 28... Bg4 $1 {( -> ...Bf3)} 29. Qb5 Rc8 $40 {[%mdl 128] White is in trouble.} ({Stronger than} 29... Bf3 30. Qf1 Qxf1+ 31. Kxf1 $15) 30. Rxc8 Rxc8 31. Qf1 Qxf1+ 32. Kxf1 Bd7 (32... a6 $142 33. Kg1 Nc4 34. Bxc4 dxc4 35. Rxe4 c3) 33. Bd4 $17 Ba4 34. Bd1 Bb5+ 35. Be2 (35. Kg2 $15) 35... Bxe2+ 36. Rxe2 {[%mdl 4096] Endgame KRB-KRN} (36. Kxe2 $17 Rc2+ 37. Kf1) 36... Rc4 $19 37. Rd2 (37. Bc5 $142) 37... Rc1+ 38. Kg2 Nc4 {[%csl LRa3,LRd2]} 39. Ra2 b6 {Black is clearly winning.} 40. Kh3 Rd1 41. Ba1 d4 {Weighted Error Value: White=0.33/Black=0.12 (very precise)} 0-1

[Event "VIII Floripa Open 2022"]
[Site "Florianopolis"]
[Date "2022.01.26"]
[Round "3.8"]
[White "Hungaski, Robert"]
[Black "Calcado, Acyr Rogerio"]
[Result "1-0"]
[WhiteElo "2521"]
[BlackElo "2085"]
[Annotator "TA"]
[PlyCount "52"]
[EventDate "2022.01.24"]
[EventType "swiss"]
[EventCountry "BRA"]
[SourceTitle "playchess.com"]
[Source "ChessBase"]
[SourceQuality "1"]

{[%evp 12,52,18,-27,-11,-10,-16,-25,-17,-33,-6,-26,-19,-5,23,30,142,154,97,91,98,97,171,149,166,61,32,53,52,52,51,0,477,528,501,523,602,525,455,535,506,379,1070]} 1. d4 d5 2. c4 e6 3. Nf3 Nf6 4. g3 Bb4+ 5. Nbd2 dxc4 6. Bg2 O-O 7. O-O (7. a3 {deserves consideration.} Bxd2+ 8. Qxd2) 7... b5 $1 $11 {E04: Open Catalan: 5 Nf3.} 8. a4 c6 9. Ne1 Nd5 {Black has an edge.} (9... Qxd4 10. Nc2 Qc5 11. axb5 $14) 10. Nc2 Be7 11. e4 Nf6 12. g4 {[#]} h6 $146 ({Predecessor:} 12... a5 13. g5 Ne8 14. e5 b4 15. Ne4 Nd7 16. Qh5 Bb7 17. Rd1 g6 18. Qg4 Kh8 {1-0 (32) Percze,J (2543)-Schueppen,H (2422) ICCF email 2012}) 13. f4 {Threatens to win with axb5.} (13. axb5 cxb5 14. e5 Nd5 $11) 13... Bb7 (13... bxa4 $11 14. g5 (14. Rxa4 Nfd7 $14) (14. Nxc4 Ba6 $11) 14... hxg5) 14. g5 $16 hxg5 15. fxg5 Nh7 {[%cal Oe6e5] [#]} 16. e5 $1 Nxg5 (16... b4 $16 {is a better defense.}) 17. axb5 $18 Qc7 18. b6 (18. h4 $18 Nh7 19. Qf3 (19. Nxc4 cxb5 20. Bxb7 Qxb7 $15)) 18... axb6 $14 19. Rxa8 Bxa8 20. Nxc4 Nd7 $1 {[#] aiming for ...c5.} 21. Qg4 (21. h4 $14 Nh7 22. Qg4) 21... Nh7 $2 {[%mdl 8192]} (21... c5 $1 $11 {and Black is okay.} 22. Bxg5 Bxg5 23. Qxg5 cxd4) 22. Bh6 $1 $18 {[%csl Gh6][%cal Rg4g7]} g6 23. Be4 {[%cal Of1f7] Strongly threatening Rxf7!} Nhf6 24. exf6 Nxf6 25. Qg2 {Threatening mate with Bxg6.} Nxe4 26. Qxe4 Bf6 $2 {Weighted Error Value: White=0.26 (precise) /Black=0.47} (26... c5 27. Qe5 Qxe5 28. Nxe5 Be4) 1-0

[Event "VIII Floripa Open 2022"]
[Site "Florianopolis"]
[Date "2022.01.26"]
[Round "3.9"]
[White "Lorenzon, Eduardo Lucas"]
[Black "Lima, Darcy"]
[Result "0-1"]
[WhiteElo "2092"]
[BlackElo "2507"]
[Annotator "TA"]
[PlyCount "96"]
[EventDate "2022.01.24"]
[EventType "swiss"]
[EventCountry "BRA"]
[SourceTitle "playchess.com"]
[Source "ChessBase"]
[SourceQuality "1"]

{[%evp 11,96,0,0,0,-16,-293,-296,-318,-330,-454,-322,-313,-315,-319,-316,-320,-304,-267,-250,-382,-382,-402,-385,-384,-387,-380,-344,-297,-312,-319,-279,-279,-279,-294,-287,-278,-253,-249,-249,-277,-270,-333,-325,-457,-454,-448,-422,-393,-358,-566,-543,-568,-542,-819,-789,-799,-770,-764,-811,-783,-732,-825,-818,-840,-859,-808,-841,-752,-778,-868,-860,-859,-799,-841,-841,-962,-731,-862,0,-794,-719,-3186,-5086,-2208,-2516,-4133,-1835]} 1. e4 {Finkel,A} e6 2. d4 d5 3. Nc3 Bb4 4. Qg4 Nf6 5. Qxg7 Rg8 6. Qh6 Rg6 7. Qe3 {Hoping for e5. C15: French: 3 Nc3 Bb4: Unusual White 4th moves.} (7. Bb5+ $2 c6 8. Qe3 cxb5 $19) 7... c5 {[%cal Bc7c5,Bc5d4,Bd4c3][%mdl 32] [#] aiming for ...Nc6.} 8. Nf3 $146 {[%mdl 8192]} ({Avoid the trap} 8. dxc5 $2 d4 9. Qd2 (9. Bb5+ $2 Nc6 $19) 9... dxc3 10. bxc3 Qxd2+ 11. Bxd2 Bxc5 $19) (8. Nge2 $11 {and White stays safe.}) ({Predecessor:} 8. Bd2 Nc6 9. Nge2 dxe4 10. Nxe4 cxd4 11. Nxf6+ Qxf6 12. Qd3 Bd7 13. Bxb4 Nxb4 14. Qd2 Nc6 {½-½ (79) Jobava,B (2596)-Dizdar,G (2525) Abu Dhabi 2003 CBM 097 [Finkel,A]}) 8... dxe4 $19 9. Ne5 {Black has a decisive advantage.} ({Much weaker is} 9. Bb5+ Nc6 10. Ne5 cxd4 $19) 9... cxd4 10. Qh3 Qa5 11. Nxg6 dxc3 12. b3 {[%cal Oh3h4]} fxg6 13. Qh4 Be7 ({Not} 13... Nbd7 $2 14. Be2 $19) 14. Bg5 Nbd7 {[%cal Bb8d7,Bd7e5,Be5f3][%mdl 32]} 15. g3 (15. Be2 $142) 15... e3 16. Bxe3 Qd5 {Inhibits Bg2.} 17. Rg1 Ne5 18. Be2 Nf3+ 19. Bxf3 Qxf3 20. Qf4 Qxf4 21. Bxf4 Nd5 22. Be5 Bd7 23. O-O-O b5 {[%cal Bb7b5,Bb5b4][%mdl 32]} 24. Rge1 {[%cal Od1d5]} Bc6 25. f4 b4 26. Bd4 Kf7 27. h4 (27. Be5 $142) 27... h5 28. Re2 Nf6 29. Rde1 Bd5 30. Rg1 (30. Kb1 $142) 30... Ng4 31. a4 bxa3 32. Kb1 Bf3 33. Ree1 Bb4 34. Rgf1 Bg2 35. Rg1 Bd5 36. Rd1 a5 37. Rge1 a4 38. bxa4 a2+ 39. Ka1 Rxa4 {[%cal Og4f2] [#] Threatens to win with ...Nf2!} 40. Rd3 Ra3 41. Bg1 Ra8 42. Bd4 Rc8 43. Rg1 Rc4 {...Ba3 is the strong threat.} 44. Bh8 Rc8 45. Bd4 Be4 {Black is clearly winning.} 46. Rdd1 Bxc2 47. Rc1 Bb3 {And now ...Rc4 would win.} 48. Rgf1 Rc4 {White did not feel at home in the position after the opening.  Weighted Error Value: White=0.60/Black=0.11 (very precise)} 0-1

[Event "VIII Floripa Open 2022"]
[Site "Florianopolis"]
[Date "2022.01.26"]
[Round "3.10"]
[White "Barbosa, Evandro Amorim"]
[Black "Uczai, Joao Pedro Filimbert"]
[Result "1-0"]
[WhiteElo "2487"]
[BlackElo "2083"]
[Annotator "TA"]
[PlyCount "28"]
[EventDate "2022.01.24"]
[EventType "swiss"]
[EventCountry "BRA"]
[SourceTitle "playchess.com"]
[Source "ChessBase"]
[SourceQuality "1"]

{[%evp 10,28,66,27,41,0,16,0,0,0,4,-31,0,0,7,-73,24,17,24,29,6]} 1. e4 c5 2. Nf3 {[%cal Bg1f3,Bf3d4,Bd4b3,Bb3d2,Bd2c4][%mdl 32]} e6 3. d4 cxd4 4. Nxd4 Nf6 5. Nc3 Qb6 6. Nb3 {White is more active.} Bb4 {B40: Sicilian: 2...e6, Unusual lines.} 7. Bd3 (7. Qd3 $14) 7... d6 8. O-O Bxc3 {The position is equal.} 9. bxc3 e5 10. Nd2 O-O 11. Nc4 Qc7 {[#]} 12. f4 $146 {[#]} (12. Bg5 $11) ({Predecessor:} 12. Qe2 Nbd7 13. f4 Re8 14. Ba3 Nc5 15. fxe5 dxe5 16. Ne3 Nxd3 17. cxd3 Qxc3 18. Bb2 {½-½ (75) Bagi,M (2432)-Szakolczai,P (2126) Ajka 2018}) 12... b5 ({Black should try} 12... Be6 $1 $17 {[%cal Re6c4]} 13. fxe5 dxe5 14. Rxf6 Bxc4) 13. Ne3 $11 exf4 14. Rxf4 {[%cal Oe4e5] Strongly threatening e5!} Nbd7 {[%mdl 32768] A rather calm draw.  Weighted Error Value: White=0.32/Black=0.25 (precise) . Loss on time!?} 1-0

[Event "VIII Floripa Open 2022"]
[Site "Florianopolis"]
[Date "2022.01.27"]
[Round "4.1"]
[White "Pichot, Alan"]
[Black "Cadilhac, Igor Tokuichi Kikuch"]
[Result "1-0"]
[WhiteElo "2625"]
[BlackElo "2325"]
[Annotator "TA"]
[PlyCount "61"]
[EventDate "2022.01.24"]
[EventType "swiss"]
[EventCountry "BRA"]
[SourceTitle "playchess.com"]
[Source "ChessBase"]
[SourceQuality "1"]

{[%evp 25,61,52,49,40,71,70,75,72,76,72,66,69,79,68,64,69,70,79,124,112,113,106,170,120,168,124,204,197,242,232,243,240,180,200,216,51,56,41]} 1. e4 c5 2. Nf3 d6 3. d4 cxd4 4. Nxd4 Nf6 5. Nc3 g6 6. Be3 Bg7 7. f3 O-O 8. Qd2 Nc6 9. O-O-O d5 10. exd5 Nxd5 11. Nxc6 bxc6 12. Bd4 e5 13. Bc5 Re8 {is now debated instead of 13...Be6.} 14. Ne4 {B76: Sicilian Dragon: Yugoslav Attack, 9 g4 and 9 0-0-0.} Qc7 15. h4 {[%cal Bh2h4,Bh4h5][%mdl 32]} h6 16. h5 {White is better.} g5 17. g4 Be6 18. Bc4 Red8 19. Qf2 {White is more active.} a5 20. a4 Rab8 21. Rd3 {[#]} Bf8 $146 (21... Kh8 $142) ({Predecessor:} 21... f5 22. gxf5 Bxf5 23. Rb3 Rxb3 24. Bxb3 Kh8 25. Kb1 Bh7 {½-½ (54) Michalik,P (2568)-Erigaisi,A (2629) Warsaw 2021}) 22. Bxf8 Rxf8 23. Qc5 {[%cal Rc4d5]} Rfc8 (23... Qb6 $16) 24. Rhd1 (24. Bxd5 $6 cxd5 25. Nf6+ Kh8 26. Qxc7 Rxc7 $16) (24. Re1 $18) 24... Kh8 (24... Qb6 $16) 25. Rb3 (25. Bxd5 cxd5 26. Qxc7 Rxc7 27. Rxd5 Bxd5 28. Rxd5 Ra7 $16) (25. Re1 $18) 25... Rxb3 (25... Ra8 $16 {is a better defense.}) 26. Bxb3 $18 Kg7 (26... Kg8 {might work better.} 27. Rd2 (27. Bxd5 cxd5 28. Nf6+ Kh8 $16) 27... Kg7) 27. Nd6 Rd8 {[#]} 28. Nb5 {[%mdl 512]} Qb8 {[#]} (28... Qb7 29. Na7) 29. Na7 $1 (29. Qxc6 e4 30. Bxd5 (30. Rxd5 Qf4+ 31. Kb1 Rxd5 $16) 30... Qf4+ 31. Kb1 Rxd5 32. Rxd5 Bxd5 33. Qxd5 exf3 34. Qd4+ Kg8) 29... e4 {[#] Strongly threatening ...Rd7.} 30. Nxc6 $2 ({White has to play} 30. Qd4+ $1 $18 Kg8 31. Nxc6 Qf4+ 32. Rd2 (32. Qd2 Re8 $18)) 30... Qf4+ $14 31. Kb1 {Weighted Error Value: White=0.16 (very precise) /Black=0.20 (precise)} 1-0

[Event "VIII Floripa Open 2022"]
[Site "Florianopolis"]
[Date "2022.01.27"]
[Round "4.2"]
[White "Pires, Marcos Vinicius Tors"]
[Black "Delgado Ramirez, Neuris"]
[Result "0-1"]
[WhiteElo "2302"]
[BlackElo "2614"]
[Annotator "TA"]
[PlyCount "102"]
[EventDate "2022.01.24"]
[EventType "swiss"]
[EventCountry "BRA"]
[SourceTitle "playchess.com"]
[Source "ChessBase"]
[SourceQuality "1"]

{[%evp 17,102,38,37,28,41,41,33,4,0,11,13,0,-6,-4,0,-9,0,-12,0,0,8,21,36,0,0,0,0,0,0,0,0,0,33,31,23,0,0,0,0,0,0,0,0,0,0,0,0,0,0,-14,-14,-7,0,-91,-10,-9,-6,-65,0,0,0,0,0,-20,0,-41,-27,-74,-74,-298,-298,-298,-290,-271,-268,-2497,-1691,-3899,-3637,-4406,-3556,-1528,-1305,-12838,-12837,-12838,-12838]} 1. Nf3 Nf6 2. c4 g6 3. b3 Bg7 4. Bb2 d6 5. d4 O-O 6. g3 Bf5 7. Bg2 Qc8 8. O-O c6 9. Nc3 Na6 10. Qd2 {E60: King's Indian: Unusual lines and Fianchetto Variation without Nc3.} Re8 {[#]} 11. Rad1 $146 ({Predecessor:} 11. d5 Bh3 12. Rfe1 Bxg2 13. Kxg2 Nc5 14. e4 a5 15. Rad1 a4 16. b4 Ncd7 17. Rc1 Nb6 {0-1 (59) Ram,S (2234)-Rahman,Z (2521) Mumbai 2016}) 11... Nc7 12. Nh4 {White is slightly better.} Bh3 13. e4 Bxg2 14. Kxg2 b5 15. cxb5 cxb5 16. Rfe1 Qb7 {Strongly threatening ...b4.} 17. Qe2 a5 18. Nf3 a4 19. d5 Nd7 {[%cal Bf6d7,Bd7c5,Bc5a4,Ba4c3][%mdl 32]} 20. Nd4 axb3 21. axb3 Nc5 22. b4 Na4 23. Ba1 {[%cal Rc3b5]} Nxc3 24. Bxc3 Ra3 (24... f5 $5) 25. Qb2 Rea8 {[%cal Of7f5]} 26. Ra1 (26. Re3 {feels hotter.} e6 27. Nc6 Rxc3 28. Rxc3 exd5 29. Ne7+) 26... Rxa1 27. Rxa1 Rxa1 28. Qxa1 Bxd4 29. Bxd4 e6 30. Kg1 exd5 31. e5 dxe5 32. Bxe5 Ne6 33. Qc3 Qd7 34. Qf3 Qd8 35. Bf6 {[#]} (35. Kf1 $11) 35... Qd6 (35... Ng5 $1 $17 {[%cal Rg5f3]} 36. Qf5 gxf5 37. Bxd8 Nf3+ 38. Kg2 Ne1+ 39. Kf1 Nd3) 36. Qd3 $11 Qc6 {[%cal Od5d4]} 37. Qf3 (37. Qe3 $11) 37... Ng7 ({Black should try} 37... Qc1+ $15 38. Kg2 Qc4) 38. Qf4 Ne8 39. Bd4 Qd6 {aiming for ...Qxf4.} 40. Qe3 Qe6 41. Qf3 (41. Qc1 $11) 41... Nd6 42. h4 (42. Qc3 $1 $11) 42... Nf5 $17 43. Qc3 {Loses the game.} (43. Bc5 $17 {was called for.}) 43... Nxd4 $19 44. Qxd4 {[%mdl 4096] Endgame KQ-KQ} Qe1+ 45. Kh2 {[%cal Oh4h5]} h5 {[%cal Bh7h5,Bh5g4][%mdl 32]} 46. Qf6 $2 (46. Qc5) 46... Qxb4 {Black is clearly winning.} 47. Qd8+ Kg7 {Threatens to win with ...Qd4.} 48. Qxd5 Qb2 49. Kg2 b4 50. g4 hxg4 51. h5 Qf6 {Weighted Error Value: White=0.80/Black=0.08 (flawless)} 0-1

[Event "VIII Floripa Open 2022"]
[Site "Florianopolis"]
[Date "2022.01.27"]
[Round "4.3"]
[White "Bachmann, Axel"]
[Black "Guimaraes, Diogo Duarte"]
[Result "1-0"]
[WhiteElo "2594"]
[BlackElo "2273"]
[Annotator "TA"]
[PlyCount "51"]
[EventDate "2022.01.24"]
[EventType "swiss"]
[EventCountry "BRA"]
[SourceTitle "playchess.com"]
[Source "ChessBase"]
[SourceQuality "1"]

{[%evp 9,51,0,0,0,17,6,3,7,27,29,44,22,31,14,30,20,33,29,44,8,13,19,32,12,0,14,47,50,38,39,74,88,79,47,53,44,583,555,2359,478,739,685,896,825]} 1. c4 c6 2. d4 d5 3. cxd5 cxd5 4. Bg5 Nc6 5. Nc3 Bf5 (5... f6 $5 {[%cal Rf6g5]} 6. Bd2 e5 $11) 6. e3 {D10: Slav Defence: 3 cxd5 (without early Nf3) and 3 Nc3.} Qd7 7. Nf3 e6 8. Rc1 {[#] The position is equal.} h6 $146 ({Predecessor:} 8... Bd6 9. Bb5 f6 10. Bh4 Nge7 11. O-O O-O 12. Na4 Rfc8 13. Nc5 Bxc5 14. dxc5 e5 {1-0 (62) Barseghyan,H (2466)-Can,I (2361) Manavgat 2018}) 9. Bf4 Bd6 10. Bxd6 Qxd6 11. Qb3 Nge7 12. Qxb7 O-O 13. Qa6 Rfb8 {[%cal Bf8b8,Bb8b6,Bb6b4][%mdl 32]} 14. Bb5 Qb4 15. Bxc6 Nxc6 16. O-O Rb6 17. Qa4 Qxb2 {[#]} 18. Nxd5 $1 exd5 19. Rxc6 Rb4 20. Qa6 $36 {[%mdl 2048] Keeping Black busy.} Bd7 21. Rc7 Bb5 22. Qb7 Bxf1 $4 {[%mdl 8192] This move loses the game for Black.} ({Black should play} 22... Rf8 $14 23. Re1 Bc4 24. Qxa7 Qc2) 23. Qxa8+ $18 {White is clearly winning.} Kh7 {Threatens to win with ...Qb1.} 24. h3 ({Stronger than} 24. Kxf1 Qa1+ 25. Ne1 Rb1 $11) (24. Rc8 $142 {Rh8+ would kill now.} Bc4 25. Rh8+ Kg6 26. Qc6+ Kf5 27. Qd7+ Ke4 28. Ne1 Qxf2+ 29. Kxf2) 24... Qb1 (24... Rb8 $142 25. Qxa7 Bc4 26. Rxf7 Rg8) 25. Nd2 Qd3 {[#]} 26. Qxd5 $1 {Weighted Error Value: White=0.34/Black=0.56} 1-0

[Event "VIII Floripa Open 2022"]
[Site "Florianopolis"]
[Date "2022.01.27"]
[Round "4.4"]
[White "Cominato Neto, Jose Luis"]
[Black "Supi, Luis Paulo"]
[Result "0-1"]
[WhiteElo "2272"]
[BlackElo "2581"]
[Annotator "TA"]
[PlyCount "54"]
[EventDate "2022.01.24"]
[EventType "swiss"]
[EventCountry "BRA"]

{[%evp 11,54,-4,0,-4,0,0,0,-22,-25,-30,-40,-37,-37,-46,-10,-153,-163,-281,-289,-273,-274,-293,-293,-292,-305,-313,-288,-325,-283,-370,-366,-518,-455,-566,-562,-657,-673,-635,-680,-943,-926,-817,-798,-1130,-1055]} 1. e4 c5 2. Nf3 d6 3. c3 Nf6 4. Be2 g6 5. O-O Bg7 6. Bb5+ Nc6 7. Re1 {B50: Sicilian: 2...d6, Miscellaneous.} O-O 8. h3 e5 9. d4 {The position is equal.} cxd4 10. cxd4 Nxd4 11. Nxd4 exd4 ({Of course not} 11... Qb6 12. Nf3 Qxb5 13. Qxd6 $11) 12. Qxd4 Be6 {[#] White must now prevent ...Qa5.} (12... a6 $5 {[%cal Ra6b5]} 13. Bc4 b5 $15) 13. Nc3 $146 {Black converts the advantage convincingly.} (13. Qb4 $11 {remains equal.}) ({Predecessor:} 13. Nd2 Nd5 14. Qa4 Nb6 15. Qa5 a6 16. Bd3 Rc8 17. Nf3 Nc4 18. Qxd8 Rfxd8 19. Ng5 Nxb2 20. Bxb2 Bxb2 21. Nxe6 fxe6 {0-1 (53) Rychkov,O (2333)-Shomoev,A (2574) Vladivostok 2014}) 13... Nd5 $1 $17 14. Qxg7+ (14. e5 $142) 14... Kxg7 $19 15. exd5 Bd7 16. Bd3 Re8 17. Be3 f5 {[%cal Bf7f5,Bf5f4][%mdl 32] Inhibits Ne4.} 18. Rac1 a6 19. a3 Kf7 20. Nb1 Rc8 21. Nd2 (21. Nc3 {was worth a try.}) 21... Qf6 {Black is clearly winning.} 22. Nc4 f4 23. Bb6 {[#]} Rxc4 $1 24. Bxc4 Qxb2 25. Bc7 Rxe1+ 26. Rxe1 Qc3 27. Re4 Bf5 {Weighted Error Value: White=0.83/Black=0.05 (flawless)} 0-1